000 01159nam a2200325 i 4500
003 DO-SdBNP
005 20240913144534.0
007 ta
008 240913s1974 sp 000 0 spa d
020 _a8433598082
040 _aDO-SdBNP
_bspa
_cBNPHU
_erda
082 _bH727
_222
100 1 _aHölderlin, Friedrich
_d1770-1843
_eautor
_986576
240 _aDer tod des Empedokles.
_lEspañol
245 0 0 _aEmpédocles y escritos sobre la locura /
_cHölderlin ; traducción Feliu Formosa ; presentación Félix de Azúa
264 1 _aBarcelona, España :
_bLabor
_c1974.
300 _a142 páginas,
_c19 cm.
336 _2rdacontent
_atexto
_btxt
337 _2rdamedia
_asin mediación
_bn
338 _2rdacarrier
_avolumen
_bnc
490 1 _aColección maldoror
_v21
500 _aIncluye datos biografícos de los participantes.
504 _aBibliografía p: 123-141.
590 _aInventariado, 2024/ YL
600 _aGoytisolo, Juan
_vCongresos.
_xCrítica e interpretación
_986572
700 1 _aFormosa, Feliu
_93544
_etraducción
700 1 _aAzúa, Félix de
_epresentación
_986573
910 _aYLockward
942 _2ddc
_cLBS1
999 _c57686
_d57686